<?xml version="1.0" encoding="UTF-8"?>
<record
    xmlns:xsi="http://www.w3.org/2001/XMLSchema-instance"
    xsi:schemaLocation="http://www.loc.gov/MARC21/slim http://www.loc.gov/standards/marcxml/schema/MARC21slim.xsd"
    xmlns="http://www.loc.gov/MARC21/slim">

  <leader>02204    a2200205   4500</leader>
  <controlfield tag="001">45940</controlfield>
  <controlfield tag="005">20260407155732.0</controlfield>
  <controlfield tag="008">260407a1969    arg                 spa d</controlfield>
  <controlfield tag="003">AR-UNSa-BCEJYS</controlfield>
  <datafield tag="040" ind1=" " ind2=" ">
    <subfield code="a">AR-UNSa-BCEJYS</subfield>
    <subfield code="b">spa</subfield>
    <subfield code="c">AR-UNSa-BCEJYS</subfield>
  </datafield>
  <datafield tag="080" ind1=" " ind2=" ">
    <subfield code="a">336.1</subfield>
    <subfield code="x">Finanzas P&#xFA;blicas. Finanzas del gobierno en general
 
</subfield>
  </datafield>
  <datafield tag="245" ind1="1" ind2="0">
    <subfield code="a">Tratado de finanzas p&#xFA;blicas</subfield>
  </datafield>
  <datafield tag="250" ind1=" " ind2=" ">
    <subfield code="a">4e. ed.</subfield>
  </datafield>
  <datafield tag="264" ind1=" " ind2="1">
    <subfield code="a">Buenos Aires :</subfield>
    <subfield code="b">Plus Ultra</subfield>
    <subfield code="c">1969</subfield>
  </datafield>
  <datafield tag="300" ind1=" " ind2=" ">
    <subfield code="a">2v.(526; 529-1024 p.)</subfield>
    <subfield code="c">20 cm.</subfield>
  </datafield>
  <datafield tag="505" ind1=" " ind2=" ">
    <subfield code="a">VOL. I. Libro I: 1. La actividad financiera &#x2013; 2. Funciones del estado &#x2013; 3. Perspectivas financieras y desenvolvimiento hist&#xF3;rico del pensamiento financiero - - Libro II: 4. Viejas y nuevas ideas sobre el gasto p&#xFA;blico &#x2013; 5. Comentarios y notas te&#xF3;ricas sobre planificaciones en general &#x2013; 6. Efectos del gasto p&#xFA;blico - - Libro III: 7. Recursos p&#xFA;blicos &#x2013; 8. Naturaleza jur&#xED;dica del impuesto &#x2013; 9. Concepto &#x2013; 10. Jurisdicci&#xF3;n de las cortes - - Libro IV: 11. El presupuesto de un estado de previsi&#xF3;n &#x2013; 12. Agregados ajenos al presupuesto &#x2013; 13. Facultades del ejecutivo &#x2013; 14. Prioridad &#x2013; 15. Facultades del Ejecutivo y del Parlamento &#x2013; 16. Operaciones que comprende &#x2013; 17. Operaciones de control &#x2013; 18. El derecho presupuestario y la opini&#xF3;n democr&#xE1;tica - - Libro V: 19. Las provincias y municipios como personas del derecho p&#xFA;blico - - VOL. II. Libro VI: 20. Los recursos financieros de una buena administraci&#xF3;n en los procesos de integraci&#xF3;n del socialismo y el capitalismo - - Libro VII: 21. Impuesto a la renta &#x2013; 22. El impuesto de contribuci&#xF3;n territorial &#x2013; 23. El impuesto &#xFA;nico &#x2013; 24. Impuesto sucesorio &#x2013; 25. Impuesto al consumo &#x2013; 26. Impuestos internos al consumo &#x2013; 27. Impuesto a las ventas &#x2013; 28. Impuesto sobre las ganancias eventuales &#x2013; 29. Ley de sello (derechos del registro y timbre) &#x2013; 30. El impuesto sobre las actividades lucrativas &#x2013; 31. Efectos de un sistema de imposici&#xF3;n en funci&#xF3;n de un sistema de gastos p&#xFA;blicos - - Libro VIII : 32. Definici&#xF3;n del cr&#xE9;dito &#x2013; 33. Amortizaci&#xF3;n de las deudas p&#xFA;blicas &#x2013; 34. Conversi&#xF3;n. </subfield>
  </datafield>
  <datafield tag="942" ind1=" " ind2=" ">
    <subfield code="c">BK</subfield>
  </datafield>
  <datafield tag="590" ind1=" " ind2=" ">
    <subfield code="a">niveau_biblio:m niveau_hierar:0</subfield>
  </datafield>
  <datafield tag="100" ind1="1" ind2=" ">
    <subfield code="a">Ahumada, Guillermo</subfield>
  </datafield>
  <datafield tag="999" ind1=" " ind2=" ">
    <subfield code="c">4069</subfield>
    <subfield code="d">4069</subfield>
  </datafield>
  <datafield tag="952" ind1=" " ind2=" ">
    <subfield code="0">0</subfield>
    <subfield code="1">0</subfield>
    <subfield code="4">0</subfield>
    <subfield code="7">0</subfield>
    <subfield code="a">BCEJYS</subfield>
    <subfield code="b">BCEJYS</subfield>
    <subfield code="c">16</subfield>
    <subfield code="d">2026-04-07</subfield>
    <subfield code="l">0</subfield>
    <subfield code="o">336.1 A285 v.1</subfield>
    <subfield code="p">L22928</subfield>
    <subfield code="r">2026-04-07 15:57:32</subfield>
    <subfield code="w">2026-04-07</subfield>
    <subfield code="y">L</subfield>
  </datafield>
  <datafield tag="952" ind1=" " ind2=" ">
    <subfield code="0">0</subfield>
    <subfield code="1">0</subfield>
    <subfield code="4">0</subfield>
    <subfield code="7">0</subfield>
    <subfield code="a">BCEJYS</subfield>
    <subfield code="b">BCEJYS</subfield>
    <subfield code="c">16</subfield>
    <subfield code="d">2026-04-07</subfield>
    <subfield code="l">0</subfield>
    <subfield code="o">336.1 A285 v.1</subfield>
    <subfield code="p">L53328</subfield>
    <subfield code="r">2026-04-07 15:57:32</subfield>
    <subfield code="w">2026-04-07</subfield>
    <subfield code="y">L</subfield>
  </datafield>
  <datafield tag="952" ind1=" " ind2=" ">
    <subfield code="0">0</subfield>
    <subfield code="1">0</subfield>
    <subfield code="4">0</subfield>
    <subfield code="7">0</subfield>
    <subfield code="a">BCEJYS</subfield>
    <subfield code="b">BCEJYS</subfield>
    <subfield code="c">16</subfield>
    <subfield code="d">2026-04-07</subfield>
    <subfield code="l">0</subfield>
    <subfield code="o">336.1 A285 v.1</subfield>
    <subfield code="p">L12380</subfield>
    <subfield code="r">2026-04-07 15:57:32</subfield>
    <subfield code="w">2026-04-07</subfield>
    <subfield code="y">L</subfield>
  </datafield>
  <datafield tag="952" ind1=" " ind2=" ">
    <subfield code="0">0</subfield>
    <subfield code="1">0</subfield>
    <subfield code="4">0</subfield>
    <subfield code="7">0</subfield>
    <subfield code="a">BCEJYS</subfield>
    <subfield code="b">BCEJYS</subfield>
    <subfield code="c">16</subfield>
    <subfield code="d">2026-04-07</subfield>
    <subfield code="l">0</subfield>
    <subfield code="o">336.1 A285 v.2</subfield>
    <subfield code="p">L22929</subfield>
    <subfield code="r">2026-04-07 15:57:32</subfield>
    <subfield code="w">2026-04-07</subfield>
    <subfield code="y">L</subfield>
  </datafield>
  <datafield tag="952" ind1=" " ind2=" ">
    <subfield code="0">0</subfield>
    <subfield code="1">0</subfield>
    <subfield code="4">0</subfield>
    <subfield code="7">0</subfield>
    <subfield code="a">BCEJYS</subfield>
    <subfield code="b">BCEJYS</subfield>
    <subfield code="c">16</subfield>
    <subfield code="d">2026-04-07</subfield>
    <subfield code="l">0</subfield>
    <subfield code="o">336.1 A285 v.2</subfield>
    <subfield code="p">L53329</subfield>
    <subfield code="r">2026-04-07 15:57:32</subfield>
    <subfield code="w">2026-04-07</subfield>
    <subfield code="y">L</subfield>
  </datafield>
  <datafield tag="952" ind1=" " ind2=" ">
    <subfield code="0">0</subfield>
    <subfield code="1">0</subfield>
    <subfield code="4">0</subfield>
    <subfield code="7">0</subfield>
    <subfield code="a">BCEJYS</subfield>
    <subfield code="b">BCEJYS</subfield>
    <subfield code="c">16</subfield>
    <subfield code="d">2026-04-07</subfield>
    <subfield code="l">0</subfield>
    <subfield code="o">336.1 A285 v.2</subfield>
    <subfield code="p">L12381</subfield>
    <subfield code="r">2026-04-07 15:57:32</subfield>
    <subfield code="w">2026-04-07</subfield>
    <subfield code="y">L</subfield>
  </datafield>
</record>
